000 00460nam a2200181Ia 4500
005 20250508153623.0
008 008 250505s9999 xx 000 0 eng d
037 _aTextual
040 _aFEDL
_beng
_cFEDL
041 _aeng
_2eng
084 _a370.9, CRA
_qFEDL
100 _aCramer J F
_9764183
245 0 _aContemprary education
300 _axvi,637p.
650 _aEducation
942 _cTEXL
_h370.9, CRA
999 _c1344479
_d1344479